| 000 | 00595nam a22001937a 4500 | ||
|---|---|---|---|
| 003 | OSt | ||
| 005 | 20260423030605.0 | ||
| 008 | 260423b |||||||| |||| 00| 0 eng d | ||
| 020 | _a981-247-088-3 | ||
| 040 |
_aDWC-Admin lib _cOC |
||
| 082 | _aCirc. 301 M152 2002 | ||
| 100 | _aMacioinis, John J. | ||
| 245 |
_a Sociology / _cJohn J. Macioinis |
||
| 260 |
_aNew Jersey : _bPearson Education, Inc., _cc2003 |
||
| 300 |
_axxxiii, 702 p. : _b ill. ; _c26 cm. |
||
| 504 | _aIncludes bibliographical references and index | ||
| 650 | _a1. Sociology | ||
| 942 |
_2ddc _cBK-CIRC _e9th ed. _hCirc. _n0 |
||
| 999 |
_c9766 _d9766 |
||